000 00633cam a2200205 4500
001 L136937
008 070305s2007 xxk f 000 0 eng d
035 _a(Sirsi) u136937
041 0 _aeng
100 1 _aKivlehan, Noella Pio
245 0 0 _aEG regional development
260 _c2007
490 0 0 _aEstates Gazette
_v(0709) 3 March 2007, 97-113(13)
520 _aLooks at masterplanning, asking whether it is time to rein in wilder ideas when many schemes never make it off the drawing board.
590 _aKA
651 4 _aInternational
690 _aPROPERTY-PROPERTY DEVELOPMENT
700 1 _aThame, David
942 _n0
999 _c106558
_d106558